বাংলাদেশের রাজনৈতিক উন্নয়ন / (Record no. 99615)
[ view plain ]
| 000 -LEADER | |
|---|---|
| fixed length control field | 01002nam a22002417a 4500 |
| 003 - CONTROL NUMBER IDENTIFIER | |
| control field | BD-DhUL |
| 005 - DATE AND TIME OF LATEST TRANSACTION | |
| control field | 20160818173907.0 |
| 008 - FIXED-LENGTH DATA ELEMENTS--GENERAL INFORMATION | |
| fixed length control field | 160818b2002 bg ||||| |||| 00| 0 ben d |
| 020 ## - INTERNATIONAL STANDARD BOOK NUMBER | |
| International Standard Book Number | 9846020016 |
| 040 ## - CATALOGING SOURCE | |
| Transcribing agency | BD-DhUL |
| 082 ## - DEWEY DECIMAL CLASSIFICATION NUMBER | |
| Classification number | 320.95492 |
| Item number | BHB |
| 100 ## - MAIN ENTRY--PERSONAL NAME | |
| Personal name | ভূইয়াঁ, মোহাম্মদ আবদুল ওদুদ |
| 245 ## - TITLE STATEMENT | |
| Title | বাংলাদেশের রাজনৈতিক উন্নয়ন / |
| Statement of responsibility, etc. | মোহাম্মদ আবদুল ওদুদ ভূইয়াঁ |
| 250 ## - EDITION STATEMENT | |
| Edition statement | ৪র্থ সংক. |
| 260 ## - PUBLICATION, DISTRIBUTION, ETC. (IMPRINT) | |
| Place of publication, distribution, etc. | ঢাকা : |
| Name of publisher, distributor, etc. | বেতার প্রকাশনা দপ্তর, |
| Date of publication, distribution, etc. | ২০০০ |
| 300 ## - PHYSICAL DESCRIPTION | |
| Extent | ৬৯৬ পৃ. : |
| Dimensions | ২৪ সে. মি. |
| 365 ## - TRADE PRICE | |
| Price type code | TK |
| Price amount | 325.00 |
| 650 #0 - SUBJECT ADDED ENTRY--TOPICAL TERM | |
| Topical term or geographic name as entry element | Govt. and Politics |
| Geographic subdivision | Bangladesh |
| 650 #0 - SUBJECT ADDED ENTRY--TOPICAL TERM | |
| Topical term or geographic name as entry element | সরকার ও রাজনীতি |
| Geographic subdivision | বাংলােদেশ |
| 700 ## - ADDED ENTRY--PERSONAL NAME | |
| Personal name | চৌধুরী, সালেহ |
| 700 ## - ADDED ENTRY--PERSONAL NAME | |
| Personal name | চৌধুরী, এম. অাই |
| 942 ## - ADDED ENTRY ELEMENTS (KOHA) | |
| Source of classification or shelving scheme | |
| Koha item type | Books |
| Price effective from | Date last seen | Permanent Location | Not for loan | Date acquired | Source of classification or shelving scheme | Koha item type | Lost status | Withdrawn status | Copy number | Source of acquisition | Collection code | Damaged status | Shelving location | Barcode | Current Location | Full call number |
|---|---|---|---|---|---|---|---|---|---|---|---|---|---|---|---|---|
| 2016-08-18 | 2016-08-18 | Dhaka University Library | 2016-08-18 | Books | 12 | Non Fiction | General Stacks | 471981 | Dhaka University Library | 320.95492 BHB | ||||||
| 2016-08-18 | 2016-08-18 | Dhaka University Library | 2016-08-18 | Books | 10 | Purchesd | Non Fiction | General Stacks | 471979 | Dhaka University Library | 320.95492 BHB | |||||
| 2016-08-18 | 2016-08-18 | Dhaka University Library | 2016-08-18 | Books | 5 | Purchesd | Non Fiction | General Stacks | 470251 | Dhaka University Library | 320.95492 BHB | |||||
| 2016-08-18 | 2016-08-18 | Dhaka University Library | 2016-08-18 | Books | 7 | Purchesd | Non Fiction | General Stacks | 470253 | Dhaka University Library | 320.95492 BHB | |||||
| 2016-08-18 | 2016-08-18 | Dhaka University Library | 2016-08-18 | Books | 4 | Purchesd | Non Fiction | General Stacks | 470250 | Dhaka University Library | 320.95492 BHB | |||||
| 2016-08-18 | 2016-08-18 | Dhaka University Library | 2016-08-18 | Books | 11 | Purchesd | Non Fiction | General Stacks | 471980 | Dhaka University Library | 320.95492 BHB | |||||
| 2016-08-18 | 2016-08-18 | Dhaka University Library | 2016-08-18 | Books | 9 | Purchesd | Non Fiction | General Stacks | 471978 | Dhaka University Library | 320.95492 BHB | |||||
| 2016-08-18 | 2016-08-18 | Dhaka University Library | 2016-08-18 | Books | 8 | Purchesd | Non Fiction | General Stacks | 471977 | Dhaka University Library | 320.95492 BHB | |||||
| 2016-08-22 | 2016-08-22 | Dhaka University Library | 2016-08-22 | Books | 3 | Purchased | Non Fiction | General Stacks | x3257 | Dhaka University Library | 320.95492 BHB | |||||
| 2016-08-22 | 2016-08-22 | Dhaka University Library | 2016-08-22 | Books | 2 | Purchased | Non Fiction | General Stacks | x3256 | Dhaka University Library | 320.95492 BHB | |||||
| 2016-09-26 | 2016-09-26 | Dhaka University Library | 2016-09-26 | Books | 1 | purchased | Non Fiction | General Stacks | A321221 | Dhaka University Library | 320.95492 BHB | |||||
| 2016-09-26 | 2016-09-26 | Dhaka University Library | 2016-09-26 | Books | 1 | purchased | Non Fiction | General Stacks | A321221 (D) | Dhaka University Library | 320.95492 BHB |
